[Event "CZE-chT2 9900"]
[Site "Czech Republic"]
[Date "2000.??.??"]
[Round "?"]
[White "Houser, Pavel"]
[Black "Fiala, Robert"]
[Result "1/2-1/2"]
[WhiteElo "2340"]
[BlackElo "2192"]
[PlyCount "83"]
[EventDate "1999.??.??"]
[EventType "team"]
[EventRounds "11"]
[EventCountry "CZE"]
[SourceTitle "EXT 2001"]
[Source "ChessBase"]
[SourceDate "2000.11.22"]
[SourceVersion "1"]
[SourceVersionDate "2000.11.22"]
[SourceQuality "1"]

1. e4 c5 2. Nf3 Nc6 3. Bb5 d6 4. 0-0 Bd7 5. Re1 a6 6. Bf1 Qc7 7. c3 e5 8. h3 Nf6 9. d4 Be7 10. d5 Na7 11. Nbd2 b5 12. b4 c4 13. a4 Rb8 14. g3 Nc8 15. Nh4 g6 16. Kh2 Qb6 17. Qe2 g5 18. Nf5 Bxf5 19. exf5 Nxd5 20. Ne4 h6 21. axb5 axb5 22. f4 gxf4 23. gxf4 Kf8 24. fxe5 dxe5 25. Nc5 Bxc5 26. bxc5 Qc7 27. Qxe5 Qxe5+ 28. Rxe5 Nxc3 29. Re1 Nd5 30. Bg2 Nce7 31. f6 Nxf6 32. Bf4 Re8 33. Bd6 Nfg8 34. Bc6 Rc8 35. Bxb5 Kg7 36. Bxe7 Nxe7 37. Rxe7 Rxc5 38. Bd7 Rc7 39. Rae1 Rd8 40. Bg4 Rd2+ 41. Kg1 Rxe7 42. Rxe7 1/2-1/2

[Event "CZE-chT2 9900"]
[Site "Czech Republic"]
[Date "2000.??.??"]
[Round "?"]
[White "Vacek, Radomir"]
[Black "Houser, Pavel"]
[Result "1/2-1/2"]
[WhiteElo "2237"]
[BlackElo "2340"]
[PlyCount "26"]
[EventDate "1999.??.??"]
[EventType "team"]
[EventRounds "11"]
[EventCountry "CZE"]
[SourceTitle "EXT 2001"]
[Source "ChessBase"]
[SourceDate "2000.11.22"]
[SourceVersion "1"]
[SourceVersionDate "2000.11.22"]
[SourceQuality "1"]

1. d4 d5 2. c4 e6 3. Nc3 c6 4. Nf3 Nf6 5. Bg5 dxc4 6. e4 b5 7. e5 h6 8. Bh4 g5 9. Nxg5 hxg5 10. Bxg5 Be7 11. exf6 Bxf6 12. Bxf6 Qxf6 13. Qd2 Nd7 1/2-1/2

[Event "CZE-chT2 9899"]
[Site "Czech Republic"]
[Date "1998.??.??"]
[Round "?"]
[White "Hrubant, Ivan"]
[Black "Houser, Pavel"]
[Result "0-1"]
[WhiteElo "2165"]
[BlackElo "2340"]
[PlyCount "56"]
[EventDate "1998.??.??"]
[EventType "team"]
[EventRounds "11"]
[EventCountry "CZE"]
[SourceTitle "EXT 2000"]
[Source "ChessBase"]
[SourceDate "1999.11.16"]
[SourceVersion "1"]
[SourceVersionDate "1999.11.16"]
[SourceQuality "1"]

1. Nf3 d5 2. d4 c6 3. c4 e6 4. Nc3 Nf6 5. Bg5 dxc4 6. e4 b5 7. e5 h6 8. Bh4 g5 9. Nxg5 hxg5 10. Bxg5 Be7 11. exf6 Bxf6 12. Bxf6 Qxf6 13. g3 Na6 14. Bg2 Bb7 15. a4 Nb4 16. Ne4 Qe7 17. Nc5 0-0-0 18. axb5 Rxd4 19. Qa4 Qxc5 20. 0-0 cxb5 21. Qxa7 Qxa7 22. Rxa7 Nd5 23. Rfa1 Kc7 24. b3 cxb3 25. R7a3 b2 26. Rb1 Rb4 27. Rf3 f5 28. Rd3 Ra8 0-1

[Event "CZE-chT 9697"]
[Site "Czech Republic"]
[Date "1997.??.??"]
[Round "11"]
[White "Polak, Tomas"]
[Black "Houser, Pavel"]
[Result "1/2-1/2"]
[WhiteElo "2450"]
[BlackElo "2345"]
[PlyCount "58"]
[EventDate "1996.??.??"]
[EventType "team-tourn"]
[EventRounds "11"]
[EventCountry "CZE"]
[SourceTitle "EXT 2019"]
[Source "ChessBase"]
[SourceDate "2018.10.10"]
[SourceVersion "1"]
[SourceVersionDate "2018.10.10"]
[SourceQuality "1"]
[WhiteTeam "Praha Dukla"]
[BlackTeam "Litomerice SK IWEX "]
[WhiteTeamCountry "CZE"]
[BlackTeamCountry "CZE"]

1. d4 d5 2. c4 e6 3. Nf3 c6 4. Qc2 Bd6 5. Nc3 Nf6 6. e3 0-0 7. Bd3 Nbd7 8. 0-0 Qe7 9. e4 dxe4 10. Nxe4 Nxe4 11. Bxe4 h6 12. Bd2 Nf6 13. Bd3 b6 14. Rfe1 Bb7 15. Bc3 c5 16. d5 Qd8 17. dxe6 Bxf3 18. gxf3 fxe6 19. Rxe6 Nh5 20. Bh7+ Kh8 21. Qg6 Nf6 22. Rd1 Bxh2+ 23. Kxh2 Qxd1 24. Bxf6 Rxf6 25. Rxf6 Qf1 26. Rf7 Qxf2+ 27. Kh3 Qf1+ 28. Kg4 Qg1+ 29. Kh3 Qf1+ 1/2-1/2

[Event "CZE-chT1 9596"]
[Site "Czech Republic"]
[Date "1996.??.??"]
[Round "?"]
[White "Houser, Pavel"]
[Black "Freisler, Pavel"]
[Result "0-1"]
[WhiteElo "2340"]
[BlackElo "2350"]
[PlyCount "30"]
[EventDate "1995.??.??"]
[EventType "team-tourn"]
[EventRounds "11"]
[EventCountry "CZE"]
[SourceTitle "EXT 2000"]
[Source "ChessBase"]
[SourceDate "1999.11.16"]
[SourceVersion "1"]
[SourceVersionDate "1999.11.16"]
[SourceQuality "1"]

1. e4 Nf6 2. d3 e5 3. f4 Nc6 4. fxe5 Nxe5 5. Nc3 Bb4 6. Bg5 h6 7. Bh4 d5 8. d4 Ng6 9. Bxf6 Qxf6 10. exd5 0-0 11. Nf3 Re8+ 12. Kf2 Bg4 13. Nb5 Re1 14. Qxe1 Bxe1+ 15. Rxe1 Bxf3 0-1

[Event "CZE-chT 9596"]
[Site "Czech Republic"]
[Date "1995.12.09"]
[Round "5"]
[White "Gibiec, Ernest"]
[Black "Houser, Pavel"]
[Result "0-1"]
[WhiteElo "2250"]
[BlackElo "2340"]
[PlyCount "84"]
[EventDate "1995.10.21"]
[EventType "team-tourn"]
[EventRounds "11"]
[EventCountry "CZE"]
[SourceTitle "EXT 2019"]
[Source "ChessBase"]
[SourceDate "2018.10.10"]
[SourceVersion "1"]
[SourceVersionDate "2018.10.10"]
[SourceQuality "1"]
[WhiteTeam "Havirov SK CSABI Slavia"]
[BlackTeam "Litomerice SK IWEX "]
[WhiteTeamCountry "CZE"]
[BlackTeamCountry "CZE"]

1. d4 d5 2. Nf3 c6 3. Bf4 Bg4 4. e3 Nd7 5. Nbd2 e6 6. Bd3 Ngf6 7. h3 Bh5 8. 0-0 Be7 9. Re1 0-0 10. c3 c5 11. Qb1 Rc8 12. Ne5 c4 13. Bc2 b5 14. g4 Bg6 15. Nxg6 hxg6 16. a3 Nh7 17. Kg2 Bf6 18. Nf3 Qe7 19. e4 dxe4 20. Bxe4 Ng5 21. Nxg5 Bxg5 22. Qc1 Bxf4 23. Qxf4 g5 24. Qe3 g6 25. Rad1 Qf6 26. Bb7 Rb8 27. Bc6 Nb6 28. Qe5 Qxe5 29. Rxe5 a6 30. Rd2 Kg7 31. Bf3 Nd7 32. Re3 Rfd8 33. Rde2 Rb6 34. d5 e5 35. Rd2 Rd6 36. Re1 f5 37. gxf5 gxf5 38. Kg3 Kf6 39. Bg2 Nc5 40. h4 gxh4+ 41. Kxh4 Nd3 42. Rh1 Rg8 0-1

[Event "CZE-chT2"]
[Site "Czech Republic"]
[Date "1995.??.??"]
[Round "?"]
[White "Houser, Pavel"]
[Black "Kotek, Daniel"]
[Result "0-1"]
[WhiteElo "2340"]
[BlackElo "2360"]
[PlyCount "102"]
[EventDate "1995.??.??"]
[EventType "team"]
[EventRounds "11"]
[EventCountry "CZE"]
[SourceTitle "EXT 1997"]
[Source "ChessBase"]
[SourceDate "1996.11.15"]
[SourceVersion "1"]
[SourceVersionDate "1996.11.15"]
[SourceQuality "1"]

1. e4 e6 2. d3 d5 3. Nd2 c5 4. Ngf3 Nc6 5. g3 g6 6. Bg2 Bg7 7. 0-0 Nge7 8. exd5 exd5 9. d4 0-0 10. dxc5 a5 11. Re1 a4 12. a3 Qa5 13. b4 axb3 14. Nxb3 Qa4 15. Rb1 Nf5 16. Bf4 Qxa3 17. g4 Qa4 18. Qd2 Nfe7 19. h3 Be6 20. Bd6 Qc4 21. Bf1 Qc3 22. Ng5 Qf6 23. Nxe6 fxe6 24. f4 Rf7 25. Qe3 Nd8 26. Be5 Qh4 27. Bxg7 Kxg7 28. Nd4 Ra4 29. Bg2 Nec6 30. Nf3 Qg3 31. Ng5 Qxe3+ 32. Rxe3 Rf6 33. Rbe1 Nd4 34. Rc1 Ra2 35. c4 Ne2+ 36. Rxe2 Rxe2 37. cxd5 exd5 38. Rd1 h6 39. Nf3 Ne6 40. g5 Rf5 41. gxh6+ Kxh6 42. Nd4 Nxd4 43. Rxd4 Rc2 44. Bxd5 Rb2 45. Rd1 Rxf4 46. c6 bxc6 47. Bxc6 Rff2 48. Be4 Rfe2 49. Bf3 Rh2 50. Bg4 Rbg2+ 51. Kf1 Rxg4 0-1

[Event "Pardubice op"]
[Site "Pardubice"]
[Date "1993.??.??"]
[Round "3"]
[White "Houser, Pavel"]
[Black "Panchenko, Alexandar G"]
[Result "0-1"]
[WhiteElo "2335"]
[BlackElo "2515"]
[PlyCount "54"]
[EventDate "1993.07.??"]
[EventType "swiss"]
[EventRounds "9"]
[EventCountry "CZE"]
[SourceTitle "TD"]
[Source "ChessBase"]
[SourceDate "1994.03.01"]
[SourceVersion "1"]
[SourceVersionDate "1994.03.01"]
[SourceQuality "1"]

1. e4 Nf6 2. d3 e5 3. f4 exf4 4. Bxf4 g6 5. Nc3 Bg7 6. Be2 0-0 7. Nf3 d5 8. 0-0 c6 9. Kh1 Re8 10. exd5 Nxd5 11. Nxd5 Qxd5 12. c3 Bf5 13. d4 Nd7 14. Nd2 Nb6 15. Bf3 Qb5 16. Qb3 Bd3 17. Qxb5 Bxb5 18. Rfe1 Na4 19. Rxe8+ Rxe8 20. Ne4 Nxb2 21. Nd6 Re7 22. Nc8 Re6 23. d5 cxd5 24. Bxd5 Re2 25. Nd6 Bc6 26. Bxf7+ Kf8 27. Rg1 Bxc3 0-1

[Event "Prague Meta"]
[Site "Prague"]
[Date "1989.??.??"]
[Round "9"]
[White "Houser, Pavel"]
[Black "Svarcova, Jitka"]
[Result "1-0"]
[WhiteElo "2105"]
[BlackElo "2035"]
[PlyCount "51"]
[EventDate "1989.??.??"]
[EventType "tourn"]
[EventRounds "9"]
[EventCountry "CZE"]
[SourceTitle "EXT 1997"]
[Source "ChessBase"]
[SourceDate "1996.11.15"]
[SourceVersion "1"]
[SourceVersionDate "1996.11.15"]
[SourceQuality "1"]

1. e4 c5 2. Nf3 Nc6 3. d4 cxd4 4. Nxd4 g6 5. Nc3 Bg7 6. Be3 Nf6 7. Bc4 0-0 8. f3 Qb6 9. Bb3 Ng4 10. fxg4 Bxd4 11. Nd5 Qa5+ 12. Bd2 Qc5 13. c3 Bg7 14. Be3 Qa5 15. 0-0 d6 16. Qe1 Be6 17. Qh4 Bxd5 18. Bxd5 Qc7 19. Rf3 e6 20. Rh3 h5 21. Bxc6 Qxc6 22. gxh5 gxh5 23. Rf1 e5 24. Bg5 Qb6+ 25. Kh1 Rfe8 26. Qxh5 1-0

[Event "Prague Meta"]
[Site "Prague"]
[Date "1989.??.??"]
[Round "8"]
[White "Kohout, Vratislav"]
[Black "Houser, Pavel"]
[Result "1/2-1/2"]
[WhiteElo "2125"]
[BlackElo "2105"]
[PlyCount "31"]
[EventDate "1989.??.??"]
[EventType "tourn"]
[EventRounds "9"]
[EventCountry "CZE"]
[SourceTitle "EXT 1997"]
[Source "ChessBase"]
[SourceDate "1996.11.15"]
[SourceVersion "1"]
[SourceVersionDate "1996.11.15"]
[SourceQuality "1"]

1. d4 Nf6 2. Nf3 d6 3. c4 Nbd7 4. Nc3 e5 5. e4 c6 6. Be2 Be7 7. h3 0-0 8. 0-0 Re8 9. d5 Qc7 10. Be3 Nf8 11. Rc1 h6 12. Nd2 Ng6 13. f3 Bd7 14. b4 a5 15. a3 axb4 16. axb4 1/2-1/2

[Event "Prague Meta"]
[Site "Prague"]
[Date "1989.??.??"]
[Round "3"]
[White "Pribyl, Josef"]
[Black "Houser, Pavel"]
[Result "1/2-1/2"]
[WhiteElo "2410"]
[BlackElo "2105"]
[PlyCount "104"]
[EventDate "1989.??.??"]
[EventType "tourn"]
[EventRounds "9"]
[EventCountry "CZE"]
[SourceTitle "EXT 1997"]
[Source "ChessBase"]
[SourceDate "1996.11.15"]
[SourceVersion "1"]
[SourceVersionDate "1996.11.15"]
[SourceQuality "1"]

1. e4 e5 2. Nf3 Nc6 3. Bb5 f5 4. d3 fxe4 5. dxe4 d6 6. Nc3 Nf6 7. 0-0 Be7 8. Qd3 Bg4 9. h3 Bxf3 10. Qxf3 0-0 11. Qd3 Kh8 12. Nd5 Nxd5 13. exd5 Nb8 14. c4 Nd7 15. Bxd7 Qxd7 16. Be3 g6 17. Qe4 Qf5 18. f3 Bg5 19. Bf2 Qxe4 20. fxe4 b6 21. h4 Bh6 22. g3 Rf3 23. Kg2 Raf8 24. Rad1 Kg7 25. Bg1 Rxf1 26. Rxf1 Rxf1 27. Kxf1 Bc1 28. b3 h5 29. Ke2 Kf7 30. Kd1 Ba3 31. Kc2 a5 32. Bf2 Ke8 33. Be1 Kd7 34. Kd3 Kc8 35. Ke2 Kb7 36. Bd2 Ka6 37. Bg5 Kb7 38. g4 Ka6 39. gxh5 gxh5 40. Kd3 Bb4 41. Kc2 Ba3 42. Bd2 Bc5 43. Kb2 Bf2 44. Bg5 Bc5 45. Bd8 Kb7 46. a3 Bd4+ 47. Ka2 Bc5 48. Bg5 Ka6 49. Bd2 Bf2 50. Bg5 Bc5 51. Be7 Kb7 52. Bg5 Ka6 1/2-1/2